| 000 | 01373nam a22003737a 4500 | ||
|---|---|---|---|
| 003 | CHAP | ||
| 005 | 20220329134527.0 | ||
| 008 | 971013s1994 r 00010 d | ||
| 010 | _a21665 | ||
| 011 | _a22637 | ||
| 035 | _a26732 | ||
| 040 | _cCHAP | ||
| 090 | _aTesis | ||
| 100 | 0 | 0 |
_aMendoza Alegría, Ivett Maurita. _974599 |
| 245 | _aTécnicas de producción de planta en vivero para Cupressus lindleyi Klotsch. y Cupressus guadalupensis S. Wats., en Chapingo, México | ||
| 260 |
_aChapingo, Méx. : _bEl autor, _c1994 |
||
| 300 | _a169 h. | ||
| 502 | _aTesis (Ing. Forestal con Orientación en Silvicultura) -- UACH. División de Ciencias Forestales | ||
| 590 |
_aALEPH _b10 _c20130110 _lUCH01 _h1246 |
||
| 590 |
_aBATCH-UPD _b10 _c20130109 _lUCH01 _h2335 |
||
| 590 |
_aBATCH-UPD _b10 _c20130110 _lUCH01 _h1701 |
||
| 590 |
_aBATCH-UPD _b10 _c20130409 _lUCH01 _h1902 |
||
| 590 |
_aBATCH-UPD _b10 _c20130410 _lUCH01 _h1049 |
||
| 590 |
_aBATCH-UPD _b10 _c20130914 _lUCH01 _h1812 |
||
| 590 |
_aCONVERSION _b10 _c20130109 _lUCH01 _h1313 |
||
| 650 | 1 | 4 |
_aCiprés _xPropagación. _923353 |
| 650 | 1 | 4 |
_aPináceas _xPropagación. _988260 |
| 650 | 1 | 4 |
_aViveros forestales. _9120100 |
| 700 | 0 |
_aMorales Espinoza, Carlos Héctor. _978262 |
|
| 901 | _aBK | ||
| 942 | _cFOLL | ||
| 949 |
_bBC _cTES _d-61603 _eTS1 _h30322 _i26732 _si |
||
| 949 |
_bBC _cTES _d-61604 _eTS2 _fc.2 _h30323 _i26732 _si |
||
| 999 |
_c21665 _d21665 |
||